00402nam a2200121Ia 4500008004100000082001500041100003900056245004200095260005100137300000800188630004200196730004200238100122s9999 xx 000 0 und d b60088a823 aजोशी शशिकांत aउचलली जीभ नि..... bयोगिता प्रकाशनc2001 a100 aउचलली जीभ नि..... aउचलली जीभ नि.....